<?xml version="1.0" encoding="UTF-8"?>
<record
    xmlns:xsi="http://www.w3.org/2001/XMLSchema-instance"
    xsi:schemaLocation="http://www.loc.gov/MARC21/slim http://www.loc.gov/standards/marcxml/schema/MARC21slim.xsd"
    xmlns="http://www.loc.gov/MARC21/slim">

  <leader>01089nam a2200265 i 4500</leader>
  <controlfield tag="001">190335</controlfield>
  <controlfield tag="003">SpMaBN</controlfield>
  <controlfield tag="005">20240410101922.0</controlfield>
  <controlfield tag="008">201110s1976    sp           |||| |dspa d</controlfield>
  <datafield tag="080" ind1=" " ind2=" ">
    <subfield code="a">398(460.23)(043.2)</subfield>
  </datafield>
  <datafield tag="080" ind1=" " ind2=" ">
    <subfield code="a">398:929 Mil&#xE1; y Fontanals, Manuel (043.2)</subfield>
  </datafield>
  <datafield tag="100" ind1="1" ind2=" ">
    <subfield code="a">Paloma, Joan Antoni.</subfield>
    <subfield code="9">170728</subfield>
  </datafield>
  <datafield tag="245" ind1="1" ind2="0">
    <subfield code="a">Mil&#xE1; y Fontanals, colector de folklore catal&#xE1;n / </subfield>
    <subfield code="c">Juan Antonio Paloma Tous.</subfield>
  </datafield>
  <datafield tag="260" ind1=" " ind2=" ">
    <subfield code="a">Barcelona : </subfield>
    <subfield code="b">Universidad de Barcelona, [Facultad de Filosof&#xED;a y Letras],</subfield>
    <subfield code="c">1976.</subfield>
  </datafield>
  <datafield tag="300" ind1=" " ind2=" ">
    <subfield code="a">22 p. ; </subfield>
    <subfield code="c">24 cm.</subfield>
  </datafield>
  <datafield tag="502" ind1=" " ind2=" ">
    <subfield code="a">Tesis-Univ. Barcelona (Extracto)</subfield>
  </datafield>
  <datafield tag="594" ind1=" " ind2=" ">
    <subfield code="a">Precede al t&#xED;t.: Universidad de Barcelona. Secretariado de Publicaciones, Intercambio Cient&#xED;fico y Extensi&#xF3;n Universitaria.</subfield>
  </datafield>
  <datafield tag="600" ind1="1" ind2="4">
    <subfield code="a">Mil&#xE1; y Fontanals, Manuel.</subfield>
    <subfield code="9">81077</subfield>
  </datafield>
  <datafield tag="650" ind1=" " ind2="4">
    <subfield code="a">Folklore-</subfield>
    <subfield code="z">Catalu&#xF1;a.</subfield>
    <subfield code="9">168514</subfield>
  </datafield>
  <datafield tag="655" ind1=" " ind2=" ">
    <subfield code="a">Tesis y escritos acad&#xE9;micos </subfield>
    <subfield code="9">226867</subfield>
  </datafield>
  <datafield tag="710" ind1="2" ind2=" ">
    <subfield code="a">Universidad de Barcelona. </subfield>
    <subfield code="b">Facultad de Filosof&#xED;a y Letras.</subfield>
    <subfield code="9">7149</subfield>
  </datafield>
  <datafield tag="852" ind1="4" ind2=" ">
    <subfield code="a">ES-MaACL</subfield>
    <subfield code="j">P-1415 (90)</subfield>
    <subfield code="9">197543</subfield>
    <subfield code="b">R.68610</subfield>
    <subfield code="c">DEPO2</subfield>
  </datafield>
  <datafield tag="942" ind1=" " ind2=" ">
    <subfield code="2">udc</subfield>
  </datafield>
  <datafield tag="999" ind1=" " ind2=" ">
    <subfield code="c">190335</subfield>
    <subfield code="d">190335</subfield>
  </datafield>
  <datafield tag="952" ind1=" " ind2=" ">
    <subfield code="0">0</subfield>
    <subfield code="1">0</subfield>
    <subfield code="2">udc</subfield>
    <subfield code="4">0</subfield>
    <subfield code="7">0</subfield>
    <subfield code="a">ATENEOM</subfield>
    <subfield code="b">ATENEOM</subfield>
    <subfield code="c">DEPO2</subfield>
    <subfield code="d">2005-07-16</subfield>
    <subfield code="e">DONACION</subfield>
    <subfield code="l">0</subfield>
    <subfield code="o">P-1415 (90)</subfield>
    <subfield code="p">1202332</subfield>
    <subfield code="r">2023-02-23 00:00:00</subfield>
    <subfield code="w">2023-02-23</subfield>
    <subfield code="y">MONOGRAFIA</subfield>
  </datafield>
</record>
